000 00612nam a2200229Ia 4500
003 OSt
005 20220923230733.0
006 a|||||r|||| 00| 0
007 ta
008 Pun
024 _a305,186
037 _cTextual
040 _aARTS
_cARTS
_bPun
041 _2Pun
_aPun
082 _aQ8441:332x, 153M6
100 _aਪ੍ਰਵਾਨਾ, ਜਸਵੰਤ ਸਿੰਘ
245 0 _aਧਰਮ ਦੀ ਚਾਦਰ
260 _c1986
650 _aਧਰਮ
942 _hQ8441:332x, 153M6
_cTEXL
_2CC
999 _c386989
_d386989